Quizzes
Events
Quiz Creation
Community
Videos
Private Events
Remove Ads
Sign In
Join for FREE
Feedback
Dark Mode
Quiz Categories
Sports
Geography
Music
Movies
Television
Just For Fun
Miscellaneous
History
Literature
Language
Science
Gaming
Entertainment
Religion
Holiday
For Kids
Quiz Lab
Recent
Popular Today
Quiz Kudos Today
Editor Picks
Curator Picks
Quizzes by...
Day
Popularity
Type
Ratings
Length
Year
Community
Subscriptions
Recent Discussions
Orange Saloon
Badges
Playlists
Quests
Create
Leaderboards
Showdown
Live 5
Trivia Bingo
Activity
Puzzle Library
Sporcle Events
Private Events
Virtual Trivia
Globe League
Become a Host
Pub Owners
SporcleCon
Opinionation
Our Games
Videos
Blog
Mobile Apps
Partnerships
Remove Ads and Go Orange
Feedback
Just For Fun
Clickable
Get the Picture
Humor
Quick Pick
Word Ladder
Missing Word
Mixed Word
Blitz
Minefield
This or That
Alphabet
Color
Typing
Sporcle
Puzzle
Word Play
Follow That Line
Logic
Just For Fun
Clickable
Get the Picture
Humor
Quick Pick
Word Ladder
Missing Word
Mixed Word
Blitz
Minefield
This or That
Alphabet
Color
Typing
Sporcle
Puzzle
Word Play
Follow That Line
Logic
Random Quiz
Search Sporcle
×
Quiz Lab
Quiz Lab
Just For Fun
Clickable
Select answers by clicking on text or image buttons
Select answers by clicking on text or image buttons
Clickable
Best Score? Go Orange.
Click 1-50 (for geeks) Stats
Can you pick the binary number equivalent from 1 to 50?
By
hellofromUK
4m
50 Questions
189 Plays
189 Plays
189 Plays
Comments
Comments
Give Quiz Kudos
Give Quiz Kudos
-
- Ratings
hide this ad
More Info
Forced Order
Answers have to be entered in order
Answers have to be entered in order
Random Order
Randomize order of answers
Randomize order of answers
Replay
Link that replays current quiz
Next Quiz
Link to next quiz in quiz playlist
You Got
0%
They Got
Avg Score
44%
Avg Friend Score
Upgrade to see
Score Distribution
Jump to the score distribution portion of the page
Score
0/50
Timer
04:00
0
Plays Today
% Correct
1
94.7%
11
77.8%
10
76.2%
100
70.9%
101
69.8%
110
69.8%
111
69.8%
1000
68.8%
1001
67.2%
1010
63.5%
1100
63.5%
1011
62.4%
1101
60.8%
1111
60.8%
1110
59.8%
10000
59.8%
10001
56.6%
10010
50.8%
10011
50.8%
10101
50.3%
10100
49.7%
10111
46%
11000
45%
10110
43.4%
11001
42.3%
% Correct
11011
41.3%
11010
40.7%
11100
39.2%
11111
38.6%
11101
38.1%
11110
38.1%
100000
36.5%
100001
34.9%
100010
32.8%
100100
31.2%
100011
30.7%
100101
28.6%
100110
24.9%
100111
23.8%
101000
23.3%
101001
23.3%
101010
20.1%
101011
19.6%
101101
18%
101110
17.5%
101100
16.9%
101111
16.9%
110000
15.3%
110010
15.3%
110001
14.8%
Quiz Playlist
Details
Report
Send in Message
Add To Playlist
More Info:
Click 1 through to 50 in the time limit. It's in binary. Proper geeks should be able to complete this in the time limit and celebrate!
Clickable:
Select answers by clicking on text or image buttons
Forced Order:
Answers have to be entered in order
Random Order:
Randomize order of answers
Last Updated: Feb 16, 2017
Quiz Scoreboard
CHALLENGE
Sign Up to Join the Scoreboard
Show All
Scores
Hide
Comments
May contain spoilers
Recently Published
Decade Duel: World Leaders
by jenniferyan
History
4m
Alphabetical 'K' Countries by Flag Minefield
by ylime102
Geography
3m
Pick 6: Fruits
by JohnFran
Miscellaneous
15s
More to Explore
Quiz From the Vault
Featured Blog Post
15 Basketball Trivia Facts You Can Be March Mad About
hide this ad
You Might Also Like...
Tags
Clickable Quiz
1-50
Binary
Counting
geek
Nerd
Today's Top Quizzes in Just For Fun
Browse Just For Fun
hide this ad
Today's Top Quizzes in Clickable
Browse Clickable
Top Contributed Quizzes in Just For Fun
1
Seasons
2
Pick 6: Letters
3
Pick 6: Foods
4
Pick 6: Colors
5
Quick Pick: Spring Things
6
Four Seasons
7
Dragon Ball Z Logic Quiz
8
Happy Tree Friends Logic Puzzle
9
Erkennst du die Lieblingsgerichte der watsons?
10
Just Another 1-25 Logic Puzzle
Explore More
Trending Topics
NBA
Harry Potter
Anime
Crossword
Disney
Kpop
Marvel
NFL
Soccer
Country
Song
Pokémon
Puzzle
The Office
WWE
hide this ad
More By:
hellofromUK
Quiz
Plays
Rating
Category
Featured
Created
Australian Animals
121,421
4.61
Science
Oct 17, 2013
Classic Arcade Games Slideshow
112,315
4.48
Gaming
Jan 6, 2014
Pick an Italian Dish
75,760
4.76
Miscellaneous
May 9, 2020
Pick a Japanese Dish
73,702
4.69
Miscellaneous
Apr 20, 2020
US or UK?
70,656
4.59
Miscellaneous
Nov 1, 2013
Go to Creator's Profile
Score Distribution
Quiz Creator Spotlight
hellofromUK
Follow
Send a Message
Quizzes Created
-
Created Quiz Play Count
-
More By This Creator
Popular Quizzes Today
1
Countries of Asia Without Outlines Minefield
2
Find the US States - No Outlines Minefield
3
Pick 6: Fruits
4
Alphabetical 'K' Countries by Flag Minefield
5
The Countries of the World
6
Find the Countries of Europe - No Outlines Minefield
7
Find the US States
8
US States
More Just For Fun Quizzes
Missing Word: Two-Word TV Shows (A-Z)
Published
Trending Quizzes
Pick 6: Mountains
Pick 6: Harry Potter
Pick 6: Flags
Pick 6: NFL Teams
Pick 6: Movie Franchises
Recently Updated
Adaptations: Name the Title
pecheneg
NWSL Teams
pecheneg
Women's Final Four Teams by Year
bhenderson79
Presidents Quartet II
eogle
Anything But Clue(do)
eogle
Anything But Oceanian Capitals
eogle
Anything But 7
eogle
Anything But Thing
eogle
Word Ladder: February 29
pecheneg
Song Title Questions
pecheneg
Trending Topics
NBA
Kpop
Anime
Disney
Marvel
Crossword
Harry Potter
Song
WWE
Puzzle
Country
The Office
Soccer
NFL
Pokémon
Your Account Isn't Verified!
In order to create a playlist on Sporcle, you need to verify the email address you used during registration. Go to your
Sporcle Settings
to finish the process.
Report this User
Report this user for behavior that violates our
Community Guidelines
.
Details:
Send Report
Go to the Sporcle.com Mobile Site →
Comments